History Quiz

Random History or Clickable Quiz
Score 0/42 Timer 10:00
1 Play Today
% Correct
Elizabeth II
71.8%
Mary I
69.9%
Henry VIII
66.7%
Edward VIII
65.1%
Mary II & William III
59.1%
Anne
56.4%
Stephen
56.4%
Charles I
55.9%
James I & VI
52.3%
Richard III
52%
James II
50.5%
George VI
50.3%
Richard I
49.1%
Charles II
49.1%
Victoria
48.9%
Matilda
46.6%
Henry VII
45.8%
Jane Grey
45.5%
George V
45%
Edward VI
44%
Edward V
43.2%
% Correct
Edward I
41.3%
Edward II
40.6%
Elizabeth I
39.9%
George IV
39.8%
Edward III
39.5%
George III
37.9%
Edward IV
37.1%
Edward VII
36.5%
Henry IV
35.9%
Henry VI
35.5%
William II
35.2%
William IV
34.1%
George I
33.1%
Henry II
32.9%
Richard II
32.2%
William I
32%
Henry V
30.3%
George II
29.9%
Henry I
29.7%
John
28%
Henry III
23.9%
Remove Ads.
Support Sporcle.
Get the best of Sporcle when you Go Orange. This ad-free experience offers more features, more stats, and more fun while also helping to support Sporcle. Thank you for becoming a member.

You're not logged in!

Compare scores with friends on all Sporcle quizzes.
OR
Log In

Show Comments

Extras

Top Quizzes Today


Score Distribution

Your Account Isn't Verified!

In order to create a playlist on Sporcle, you need to verify the email address you used during registration. Go to your Sporcle Settings to finish the process.

Report this User

Report this user for behavior that violates our Community Guidelines.

Details: